Circle of fear

Bibliographic Details
Main Author: Sumaida, Hussein
Format: Book
Published: Canada : Stoddart Publishing Co.Limited , 1991
Subjects:

MARC

LEADER 00000cam a2200000 7i4500
001 0000002029
002 000002215
005 20000330.0
020 |a 0773725105 
090 0 0 |a F   |b SUM 
100 1 |a Sumaida, Hussein 
245 1 0 |a Circle of fear   |c Hussien Sumaida and Carole Jerome 
260 |a Canada :   |b Stoddart Publishing Co.Limited ,   |c 1991 
300 |a 304p. ;   |c 24cm. 
650 0 0 |a Historical fiction 
999 |a 035335   |b BUKU   |c PINJAMAN   |e PERPUSTAKAAN KOMUNITI PETALING JAYA